都市圏を構成する自治体 (岡山大都市圏) - Statistics

General Stats
  • This quiz has been taken 86 times
  • The average score is 14 of 17
Answer Stats
分類 都道府県 所属 Answer % Correct
周辺市町村 岡山県 倉敷市
99%
中心市 岡山県 岡山市
97%
周辺市町村 岡山県 総社市
95%
周辺市町村 岡山県 瀬戸内市
91%
周辺市町村 岡山県 玉野市
89%
周辺市町村 岡山県 備前市
88%
周辺市町村 岡山県 和気郡 和気町
88%
周辺市町村 岡山県 赤磐市
87%
周辺市町村 岡山県 浅口市
87%
周辺市町村 岡山県 高梁市
84%
周辺市町村 岡山県 久米郡 久米南町
83%
周辺市町村 岡山県 笠岡市
82%
周辺市町村 岡山県 都窪郡 早島町
80%
周辺市町村 岡山県 加賀郡 吉備中央町
75%
周辺市町村 岡山県 浅口郡 里庄町
70%
周辺市町村 岡山県 久米郡 美咲町
62%
周辺市町村 岡山県 小田郡 矢掛町
61%
No matching quizzes found
Score Distribution
Percent of People with Each Score
Percentile by Number Answered
Your Score History
You have not taken this quiz